[Event "GER MS-190 email"]
[Site "GER email"]
[Date "2014.01.06"]
[Round "?"]
[White "Kuhl, Eckhard"]
[Black "Hinz, Juergen"]
[Result "1/2-1/2"]
[WhiteElo "2024"]
[BlackElo "1998"]
[PlyCount "70"]
[EventDate "2014.01.17"]
[EventType "tourn (corr)"]
[EventRounds "6"]
[EventCountry "GER"]
[SourceTitle "Corr 2015"]
[Source "ChessBase"]
[SourceDate "2015.07.17"]
[SourceVersion "1"]
[SourceVersionDate "2015.07.17"]
[SourceQuality "1"]

1. e4 c5 2. Nf3 Nc6 3. d4 cxd4 4. Nxd4 Nf6 5. Nc3 e5 6. Ndb5 d6 7. Bg5 a6 8. Na3 b5 9. Bxf6 gxf6 10. Nd5 f5 11. Bd3 Be6 12. 0-0 Bxd5 13. exd5 Ne7 14. c3 Bg7 15. Nc2 0-0 16. a4 e4 17. Be2 bxa4 18. Rxa4 Qb6 19. Ra2 f4 20. Qd2 Ng6 21. Nb4 a5 22. Nc6 Rfe8 23. Rfa1 f3 24. Bf1 fxg2 25. Kxg2 f5 26. Rxa5 Rxa5 27. Rxa5 f4 28. Kg1 e3 29. Qe2 exf2+ 30. Qxf2 Qb3 31. c4 Bf6 32. Ra3 Qxb2 33. Qxb2 Bxb2 34. Rb3 Bc1 35. Kg2 Be3 1/2-1/2

[Event "GER MS-189 email"]
[Site "GER email"]
[Date "2013.12.30"]
[Round "?"]
[White "Firsching, Guenter"]
[Black "Kuhl, Eckhard"]
[Result "1-0"]
[WhiteElo "2069"]
[BlackElo "2024"]
[PlyCount "109"]
[EventDate "2014.01.10"]
[EventType "tourn (corr)"]
[EventRounds "6"]
[EventCountry "GER"]
[SourceTitle "Corr 2015"]
[Source "ChessBase"]
[SourceDate "2015.07.17"]
[SourceVersion "1"]
[SourceVersionDate "2015.07.17"]
[SourceQuality "1"]

1. Nf3 d5 2. d4 Nf6 3. c4 c6 4. Nc3 a6 5. e3 b5 6. b3 g6 7. Bd3 Bf5 8. 0-0 Nbd7 9. Re1 Bxd3 10. Qxd3 Bg7 11. e4 dxc4 12. bxc4 Nb6 13. c5 Nc4 14. a4 0-0 15. Bg5 Qd7 16. Qc2 Rfd8 17. Na2 Nh5 18. Rad1 Qc7 19. e5 f6 20. exf6 exf6 21. Bc1 Bf8 22. Nb4 a5 23. Na2 Qf7 24. axb5 cxb5 25. Nc3 b4 26. Ne4 a4 27. d5 Rxd5 28. Qxc4 Rxd1 29. Qxf7+ Kxf7 30. Rxd1 a3 31. Nd4 Ng7 32. Kf1 Ne6 33. Nb3 f5 34. Rd7+ Be7 35. Nd6+ Kf6 36. Ke2 Ra6 37. h4 Rc6 38. Bg5+ Nxg5 39. Nd4 a2 40. hxg5+ Kxg5 41. Ra7 b3 42. Nxb3 Bxd6 43. cxd6 Rxd6 44. Rxa2 Kg4 45. Ra4+ Kg5 46. Nd4 Rd7 47. Kf3 Rd6 48. Kg3 Rd7 49. f4+ Kh6 50. Kh4 Kg7 51. Nf3 Rb7 52. Kg5 Re7 53. Ra6 Rc7 54. Ne5 Rb7 55. Rd6 1-0

[Event "GER MS-189 email"]
[Site "GER email"]
[Date "2013.12.30"]
[Round "?"]
[White "Kuhl, Eckhard"]
[Black "Hoffmann, Heiko"]
[Result "0-1"]
[WhiteElo "2024"]
[BlackElo "1864"]
[PlyCount "56"]
[EventDate "2014.01.10"]
[EventType "tourn (corr)"]
[EventRounds "6"]
[EventCountry "GER"]
[SourceTitle "Corr 2015"]
[Source "ChessBase"]
[SourceDate "2015.07.17"]
[SourceVersion "1"]
[SourceVersionDate "2015.07.17"]
[SourceQuality "1"]

1. e4 c5 2. Nf3 d6 3. d4 cxd4 4. Nxd4 Nf6 5. Nc3 g6 6. Be3 Bg7 7. f3 0-0 8. Qd2 Nc6 9. 0-0-0 d5 10. exd5 Nxd5 11. Nxc6 bxc6 12. Bd4 e5 13. Bc5 Be6 14. Ne4 Re8 15. h4 h6 16. h5 g5 17. c4 Nf6 18. Qe1 Qc7 19. Bd6 Qb6 20. Bxe5 Bd5 21. c5 Qd8 22. Bxf6 Bxf6 23. Rd3 Be5 24. g3 f5 25. Qd2 fxe4 26. fxe4 Rb8 27. b4 Bxg3 28. Rxg3 Rxe4 0-1

[Event "GER MS-176 email"]
[Site "GER email"]
[Date "2013.03.20"]
[Round "?"]
[White "Kuhl, Eckhard"]
[Black "Milde, Lars"]
[Result "1/2-1/2"]
[WhiteElo "2009"]
[BlackElo "1961"]
[PlyCount "68"]
[EventDate "2013.03.29"]
[EventType "tourn (corr)"]
[EventRounds "6"]
[EventCountry "GER"]
[SourceTitle "Corr 2015"]
[Source "ChessBase"]
[SourceDate "2015.07.17"]
[SourceVersion "1"]
[SourceVersionDate "2015.07.17"]
[SourceQuality "1"]

1. e4 e5 2. Nf3 Nc6 3. Bb5 a6 4. Ba4 Nf6 5. 0-0 Be7 6. Re1 b5 7. Bb3 d6 8. c3 0-0 9. h3 Nb8 10. d4 Nbd7 11. Nbd2 Bb7 12. Bc2 Re8 13. Nf1 Bf8 14. Ng3 g6 15. a4 c5 16. d5 c4 17. Bg5 h6 18. Be3 Qc7 19. Qd2 Kh7 20. Reb1 Nc5 21. Ra3 Nfd7 22. Rba1 Bg7 23. Qe2 Rf8 24. Nf1 Kg8 25. Kh2 Nb6 26. Bxc5 Qxc5 27. Ne3 Rfb8 28. h4 h5 29. Ng5 Qc7 30. b3 cxb3 31. Bxb3 Nd7 32. axb5 axb5 33. Rxa8 Bxa8 34. Bc2 Bh6 1/2-1/2

[Event "GER MS-169 email"]
[Site "GER email"]
[Date "2012.11.06"]
[Round "?"]
[White "Kuhl, Eckhard"]
[Black "Reuter, Manfred"]
[Result "1/2-1/2"]
[WhiteElo "2020"]
[BlackElo "1945"]
[PlyCount "56"]
[EventDate "2012.11.12"]
[EventType "tourn (corr)"]
[EventRounds "6"]
[EventCountry "GER"]
[SourceTitle "Corr 2015"]
[Source "ChessBase"]
[SourceDate "2015.07.17"]
[SourceVersion "1"]
[SourceVersionDate "2015.07.17"]
[SourceQuality "1"]

1. e4 e5 2. Nf3 Nc6 3. Bb5 a6 4. Ba4 Be7 5. 0-0 Nf6 6. Re1 b5 7. Bb3 0-0 8. Nc3 d6 9. Nd5 Na5 10. Nxe7+ Qxe7 11. d3 h6 12. Bd2 Nxb3 13. axb3 Nh7 14. Qe2 Bb7 15. Be3 f5 16. exf5 Rxf5 17. Nd2 Rf7 18. b4 Nf6 19. c3 Nd5 20. f3 Re8 21. Ne4 Ref8 22. Bd2 Qe6 23. b3 Ne7 24. Rab1 Ra8 25. c4 Nc6 26. Qf2 Qf5 27. Rb2 Qe6 28. Kh1 Qg6 1/2-1/2